| 000 | 00663nam a22002297a 4500 | ||
|---|---|---|---|
| 003 | IIN | ||
| 005 | 20250429104224.0 | ||
| 008 | 250429s |||ad||| |||| 001 0 eng d | ||
| 020 |
_a9789389776010 _cRs.1195.00 |
||
| 040 | _aIIN | ||
| 082 |
_a616.9041 _bGUP |
||
| 100 | _aGupte, Satish | ||
| 245 |
_aThe Short Textbook of Medical Microbiology _b(Including Parasitology and Entomology) _cSatish Gupte |
||
| 250 | _a11th ed. | ||
| 260 |
_aNew Delhi _bJaypee _c2020 |
||
| 300 |
_axi, 436 p. _bcol. ill. |
||
| 500 | _aIncludes Index | ||
| 650 | _aMedical Microbiology | ||
| 650 |
_aParasitology _vMicrobiology |
||
| 650 |
_aEntomology _vMicrobiology |
||
| 942 | _cBOOK | ||
| 999 |
_c1763 _d1763 |
||